| 000 | 00444nam a2200121Ia 4500 | ||
|---|---|---|---|
| 008 | 160712s9999 xx 000 0 und d | ||
| 100 | _aLopez, Patricia Marion Y. | ||
| 245 |
_cPatricia Marion Y. Lopez _aMary as Mother in the Flores de Mayo in Poblacion, Oslob |
||
| 260 |
_c2016 _bHumanities Diliman |
||
| 300 | _avol. 13 no. 1 | ||
| 650 | _xHUMANITIES | ||
| 856 | _uhttp://journals.upd.edu.ph/index.php/humanitiesdiliman/issue/view/528/showToc | ||
| 999 |
_c296993 _d296993 |
||